Право быть: Роман

Библиографические подробности
Главный автор: Кутузов Е. В. Евгений Васильевич
Примечания:Исключено из фонда НТБ ТПУ
Язык:русский
Опубликовано: Ленинград, Советский писатель, 1990
Формат: MixedMaterials Книга
Запись в KOHA:https://koha.lib.tpu.ru/cgi-bin/koha/opac-detail.pl?biblionumber=142487

MARC

LEADER 00000nam0a2200000 4500
001 142487
005 20231031142750.0
010 |a 5265011447 
020 |a RU  |b 90-19369 
035 |a (RuTPU)RU\TPU\book\154415 
090 |a 142487 
100 |a 20080908d1990 m y0rusy5003 ca 
101 1 |a rus 
102 |a RU 
105 |a c z 000ay 
200 1 |a Право быть  |e Роман  |f Е. В. Кутузов 
210 |a Ленинград  |c Советский писатель  |c Ленингр. отд-ние  |d 1990 
215 |a 607,[1] с.  |d 21 см  |c портр. 
333 |a Исключено из фонда НТБ ТПУ 
700 1 |a Кутузов  |b Е. В.  |g Евгений Васильевич  |4 070 
801 0 |a RU  |b RuMRKP  |c 19950417  |g psbo 
801 1 |a RU  |b 63413507  |c 20080908  |g PSBO 
801 2 |a RU  |b 63413507  |c 20170905  |g PSBO 
942 |c BK